Guess the song _ Eurovision 2013 #1 - Statistics

General Stats
  • This quiz has been taken 9 times
  • The average score is 10 of 15
Answer Stats
Lyrics Title of the song % Correct
Now I can see, the whole world is mine I can touch and feel I feed you my love
100%
De là où tu te perds, regarde bien derrière. Et ce sera moi L'enfer et moi
100%
I'll love you endlessly I do it for you, for you, for you, yeah, I do it for you Marry me
100%
Where the sun is always shining on ya We play-o, we play-o to the rhythm of a cha-cha Solayoh
100%
Vola, vola, che la forza arriverà Sempre sola verso un'altra libertà Crisalide
80%
I’m like a butterfly Spinning ‘round a sword as if to dare Gravity
80%
Între soare si ploi Se nasc mii de culori, dar noi vedem doar nori O mie
80%
Oh you will fly up high, the light is in your eyes Trust me, you will shine Shine
80%
Ja k'o da sam luda, malo hoću, malo neću da verujem Jer ne znam da sve Ljubav je svuda
60%
Waiting for the bitter pill, give me something I can feel Love kills
60%
Ochal lishcoah et hakor Ubizchoto emtza bachosech et ha’or Rak Bishvilo
60%
The way I speak the truth, I'd never lie to you If you'd just believe in the things that your eyes can't see Believe in me
40%
The world is ours, I can feel the music in me Glorious
40%
All the time she slips away It's close but yet so far Tomorrow
20%
Like I am sailing on a sea of dreams You're love is pouring down on me Waterfall
20%
No matching quizzes found
Score Distribution
Percent of People with Each Score
Percentile by Number Answered
Your Score History
You have not taken this quiz